00601nam a22001817a 4500003000500000038001800005082000800023100002800031245005800059264003300117300002300150650002800173700004300201856005700244942001200301999001900313952008700332NUST aNusrat Nadeem a200 aKhattak, Nabiha9125306 aNUTECH – Case Analysis HR Office/cNabiha Khattak,  aIslamabad;bNBS NUST;c2024. a53,p;billc30,cm. a Executive MBA 9120079 aSupervisor: Mr. Mommin Durrani9119947 uhttp://10.250.8.41:8080/xmlui/handle/123456789/45686 2ddccSC c611063d611063 00104070aCLbCLcTHEd2024-08-23l0o200pCL-T-7244r2024-08-23w2024-08-23ySC